| 000 | 00892nam a2200229 a 4500 | ||
|---|---|---|---|
| 001 | 3704 | ||
| 003 | CDMR | ||
| 005 | 20130419122108.0 | ||
| 008 | 130130s2009||||sp |||||||||||||||||spa|d | ||
| 020 | _a9788480432047 | ||
| 040 |
_aCDMR _bcat _cCPC GIRONA |
||
| 245 | 0 | 0 |
_aGerda Taro _cEditado por Irme Schaber, Richard Whelman y Kristen Lubben |
| 250 | _a1a ed. en castellà | ||
| 260 |
_aBarcelona _bMuseu Nacional d'Art de Catalunya |
||
| 260 |
_aNew York _bInternational Centre of Photography |
||
| 260 |
_aGöttingen _bSTEIDL _c2009 |
||
| 300 |
_a175 p. _bil. |
||
| 500 | _aCatàleg en ocasió de l'exposició, organitzada pel International Centre of Photography, celebrada entre el 7 de juliol i el 27 de setembre de 2009 al Museu Nacional d'Art de Catalunya. | ||
| 600 | 1 |
_93223 _aTaro, Gerda _d1910-1937 _vCol·leccions de fotografies |
|
| 650 | 0 | 4 |
_91270 _aFotoperiodisme |
| 942 |
_cMON _2udc |
||
| 999 |
_c3704 _d3704 |
||